Top 100 Biggest Cities in Kansas - Statistics

General Stats
  • This quiz has been taken 2,397 times
    322 since last reset
  • The average score is 33 of 100
Answer Stats
# City Population % Correct
1 Wichita 397,532
99%
3 Kansas City 156,607
95%
5 Topeka 126,587
95%
2 Overland Park 197,238
91%
4 Olathe 141,290
87%
6 Lawrence 94,934
85%
9 Manhattan 54,100
83%
15 Dodge City 27,788
79%
10 Salina 46,889
71%
21 Hays 21,116
68%
12 Leavenworth 37,351
66%
7 Shawnee 67,311
66%
17 Emporia 24,139
62%
8 Lenexa 57,434
62%
14 Garden City 28,151
60%
11 Hutchinson 40,006
59%
22 Pittsburg 20,646
58%
16 Derby 25,625
50%
20 Junction City 22,932
50%
23 Liberal 19,825
48%
13 Leawood 33,902
46%
35 Atchison 10,885
45%
26 Great Bend 14,733
42%
29 Ottawa 12,625
41%
53 Abilene 6,460
40%
18 Gardner 23,287
40%
25 Andover 14,892
39%
61 Colby 5,570
38%
28 El Dorado 12,870
38%
27 McPherson 14,082
37%
24 Newton 18,602
37%
69 Goodland 4,465
35%
19 Prairie Village 22,957
35%
40 Coffeyville 8,826
33%
48 Fort Scott 7,552
33%
42 Independence 8,548
33%
36 Mission 9,954
33%
30 Arkansas City 11,974
32%
60 Tonganoxie 5,573
31%
46 Bonner Springs 7,837
30%
66 Wamego 4,841
29%
56 De Soto 6,118
28%
33 Lansing 11,239
28%
58 Paola 5,768
27%
75 Scott City 4,113
27%
83 Marysville 3,447
26%
52 Pratt 6,603
26%
63 Concordia 5,111
25%
59 Maize 5,735
25%
54 Eudora 6,408
24%
85 Holton 3,401
23%
62 Iola 5,396
23%
43 Park City 8,333
23%
37 Parsons 9,600
23%
70 Russell 4,401
23%
32 Haysville 11,262
22%
67 Baldwin City 4,826
21%
76 Baxter Springs 3,888
21%
72 Clay Center 4,199
21%
95 St. Marys 2,759
21%
31 Winfield 11,777
21%
82 Hesston 3,505
20%
87 Hiawatha 3,280
20%
57 Ulysses 5,788
20%
38 Augusta 9,256
19%
84 Beloit 3,404
19%
100 Burlington 2,634
19%
41 Chanute 8,722
19%
65 Louisburg 4,969
19%
50 Basehor 6,896
18%
90 Ellsworth 3,066
18%
47 Wellington 7,715
18%
39 Fort Riley 9,230
17%
64 Goddard 5,084
17%
93 Osage City 2,861
17%
49 Valley Center 7,340
17%
80 Lyons 3,611
16%
81 Mission Hills 3,594
16%
96 Norton 2,747
16%
45 Spring Hill 7,952
16%
44 Bel Aire 8,262
15%
94 Galena 2,761
15%
89 Kingman 3,105
15%
77 Lindsborg 3,776
15%
86 Frontenac 3,382
14%
34 Merriam 11,098
14%
71 Osawatomie 4,255
14%
88 Garnett 3,242
13%
97 Hillsboro 2,732
13%
78 Larned 3,769
13%
55 Mulvane 6,286
13%
68 Edwardsville 4,717
12%
79 Hugoton 3,747
12%
51 Roeland Park 6,871
11%
73 Rose Hill 4,185
11%
99 Clearwater 2,653
10%
91 Columbus 2,929
10%
74 Fairway 4,170
10%
98 Hoisington 2,699
8%
92 Oaklawn-Sunview 2,880
3%
No matching quizzes found
Score Distribution
Percent of People with Each Score
Percentile by Number Answered
Your Score History
You have not taken this quiz since the last reset